| 000 | 00478nam a2200205Ia 4500 | ||
|---|---|---|---|
| 003 | OSt | ||
| 005 | 20221005124319.0 | ||
| 006 | a|||||r|||| 00| 0 | ||
| 007 | ta | ||
| 008 | 221004b |||||||| |||| 00| 0 eng d | ||
| 024 | _a114781 | ||
| 037 | _cTextual | ||
| 040 |
_aCRL _cCRL _beng |
||
| 041 |
_2eng _aeng |
||
| 100 | _aMisra S K | ||
| 245 | 0 | _aMoney income and financial institution | |
| 260 | _c1989 | ||
| 942 |
_cTEXL _2cc |
||
| 999 |
_c1050097 _d1050097 |
||